000 00731nam a2200217Ia 4500
001 1716
003 GE_BSU
008 181216s||||||||xx |||||||||||||| ||und||
020 _a9992865792
040 _cGE_BSU
080 _a821.14
245 _aჰელიკონი. ძველი ბერძნული ლირიკა.
245 _cშემდგ. ნანა ტონიამ რედ. ირინა დარჩია, მხატვ. გია ბუღაძე
260 _aთბილისი
260 _bლოგოსი
260 _c2002
300 _a286 გვ.19 სმ.
541 _h18 ლ.
653 _aძველი ბერძნული ლირიკა.
942 _cBK
999 _c35827
_d35827